An historical discourse on the civil and religious affairs of the colony of Rhode-Island. (Record no. 52463)
[ view plain ]
| 000 -LEADER | |
|---|---|
| fixed length control field | 01364cam a22003131 4500 |
| 001 - CONTROL NUMBER | |
| control field | rc 01002943 |
| 003 - CONTROL NUMBER IDENTIFIER | |
| control field | DLC |
| 005 - DATE AND TIME OF LATEST TRANSACTION | |
| control field | 20260227111908.0 |
| 007 - PHYSICAL DESCRIPTION FIXED FIELD--GENERAL INFORMATION | |
| fixed length control field | cr_||||||||||| |
| 008 - FIXED-LENGTH DATA ELEMENTS--GENERAL INFORMATION | |
| fixed length control field | 791204s1838 riu 000 0 eng |
| 010 ## - LIBRARY OF CONGRESS CONTROL NUMBER | |
| LC control number | rc 01002943 |
| 035 ## - SYSTEM CONTROL NUMBER | |
| System control number | (OCoLC)5758400 |
| 040 ## - CATALOGING SOURCE | |
| Original cataloging agency | DLC |
| Transcribing agency | Vi |
| Modifying agency | DLC |
| 042 ## - AUTHENTICATION CODE | |
| Authentication code | premarc |
| 043 ## - GEOGRAPHIC AREA CODE | |
| Geographic area code | n-us-ri |
| 050 00 - LIBRARY OF CONGRESS CALL NUMBER | |
| Classification number | F76 |
| Item number | .R47 vol. 4 |
| 051 ## - LIBRARY OF CONGRESS COPY, ISSUE, OFFPRINT STATEMENT | |
| Classification number | F82 |
| Item number | .C14 |
| 100 1# - MAIN ENTRY--PERSONAL NAME | |
| Personal name | Callender, John, |
| Dates associated with a name | 1706-1748. |
| 245 03 - TITLE STATEMENT | |
| Title | An historical discourse on the civil and religious affairs of the colony of Rhode-Island. |
| Statement of responsibility, etc. | By John Callender, M. A. With a memoir of the author; biographical notices of some of his distinguished contemporaries; and annotations and original documents, illustrative of the history of Rhode-Island and Providence Plantations, from the first settlement to the end of the first century. By Romeo Elton. |
| 250 ## - EDITION STATEMENT | |
| Edition statement | [2d ed.] |
| 260 ## - PUBLICATION, DISTRIBUTION, ETC. | |
| Place of publication, distribution, etc. | Providence, |
| Name of publisher, distributor, etc. | Knowles, Vose & company, |
| Date of publication, distribution, etc. | 1838. |
| 300 ## - PHYSICAL DESCRIPTION | |
| Extent | 270, [2] p. |
| Dimensions | 23 cm. |
| 490 0# - SERIES STATEMENT | |
| Series statement | Collections of the Rhode-Island Historical Society. |
| Volume/sequential designation | v. 4 |
| 530 ## - ADDITIONAL PHYSICAL FORM AVAILABLE NOTE | |
| Additional physical form available note | Also available in digital form on the Internet Archive Web site. |
| 651 #0 - SUBJECT ADDED ENTRY--GEOGRAPHIC NAME | |
| Geographic name | Rhode Island |
| General subdivision | History |
| Chronological subdivision | Colonial period, ca. 1600-1775. |
| 651 #0 - SUBJECT ADDED ENTRY--GEOGRAPHIC NAME | |
| Geographic name | Rhode Island |
| General subdivision | Church history. |
| 700 1# - ADDED ENTRY--PERSONAL NAME | |
| Personal name | Elton, Romeo, |
| Dates associated with a name | 1790-1870, |
| Relator term | ed. |
| 856 41 - ELECTRONIC LOCATION AND ACCESS | |
| Uniform Resource Identifier | <a href="http://hdl.loc.gov/loc.gdc/scd0001.00140753877">http://hdl.loc.gov/loc.gdc/scd0001.00140753877</a> |
No items available.